000 00702nam a2200217 a 4500
999 _c7290
_d7290
001 7290
003 BD-JhCC
005 20180217105556.0
008 180128s1963 bg a|||| ||a| 000 0 ben d
035 _a(BD-JhCC)7290
040 _aBD-JhCC
_dBD-JhCC
041 _aben
082 _a301
_bBAS 1963.
100 _aবসু, শচীন্দ্রনাথ
245 _aপ্রাগিতিহাসের মানুষ /
_cশচীন্দ্রনাথ বসু
260 _aকলিকাতা :
_bফার্মা কে এল মুখোপাধ্যায়,
_c1963.
300 _a272 p. :
_c22 cm.
650 _aHumanism
942 _2ddc
_cBK